000 00377nam a2200169Ia 4500
001 19340
003 GE_BSU
008 181216s||||||||xx |||||||||||||| ||und||
040 _cGE_BSU
245 _aLe Point №2272. 24mars.2016.
260 _aParis
260 _c2016
300 _a100p;ill;27cm
653 _aLe Point
653 _aპერიოდიკა
942 _cCR
999 _c52324
_d52324